000 00539pab a2200181 454500
008 180718b2007 xxu||||| |||| 00| 0 eng d
100 _aBanga, Rashmi
245 _aContribution of services to output growth and productivity in Indian manufacturing: pre-and post-reforms
260 _c2007
300 _ap.2769-777.
362 _a30 Jun
650 _aindia - Manufacturing industries
650 _aManufacturing industry
700 _aGoldar, Bishwanath
773 _aEconomic and Political Weekly
908 _aN
909 _a75412
999 _c75412
_d75412